000 005640000a22002170004500
003 LK-CoMWRAF
005 20230928095919.0
008 230817t1982 ||||| |||| 00| 0 eng d
020 _a860371166
040 _aLK-CoMWRAF
_dLK-CoMWRAF
_eLK-CoMWRAF
041 _aeng
082 _a297
_bMUR
100 _aMurad, Khurram
100 _aKayani, M. Salim
245 _aStories of the caliphs
260 _aU.K. :
_bThe Islamic foundation,
_c1982
300 _a47p. : col.ill. ; 22cm.
650 _a Islam -- Juvenile literature
650 _aIslam
942 _cBK
999 _c1743
_d1743